<?xml version="1.0" encoding="UTF-8"?>
<record
    xmlns:xsi="http://www.w3.org/2001/XMLSchema-instance"
    xsi:schemaLocation="http://www.loc.gov/MARC21/slim http://www.loc.gov/standards/marcxml/schema/MARC21slim.xsd"
    xmlns="http://www.loc.gov/MARC21/slim">

  <leader>00441nam a22001577a 4500</leader>
  <datafield tag="082" ind1=" " ind2=" ">
    <subfield code="a">546 GUN</subfield>
  </datafield>
  <datafield tag="100" ind1=" " ind2=" ">
    <subfield code="a">Gunawardhana,H.D</subfield>
  </datafield>
  <datafield tag="245" ind1=" " ind2=" ">
    <subfield code="a">Inorganic Chemistry Part 111 (3) -Block 4 - Volume 2</subfield>
  </datafield>
  <datafield tag="260" ind1=" " ind2=" ">
    <subfield code="a">Colombo</subfield>
    <subfield code="b">Open University</subfield>
    <subfield code="c">1985</subfield>
  </datafield>
  <datafield tag="300" ind1=" " ind2=" ">
    <subfield code="a">157p</subfield>
  </datafield>
  <datafield tag="490" ind1=" " ind2=" ">
    <subfield code="a">Inorganic chemistry part 111 -   PSUIICI 2116</subfield>
  </datafield>
  <datafield tag="505" ind1=" " ind2=" ">
    <subfield code="a">Bachelor Science :Level 3</subfield>
  </datafield>
  <datafield tag="650" ind1=" " ind2=" ">
    <subfield code="a"> chemistry</subfield>
    <subfield code="a">inorganic  chemistry</subfield>
    <subfield code="a"> </subfield>
  </datafield>
  <datafield tag="650" ind1=" " ind2=" ">
    <subfield code="a">OUSL</subfield>
  </datafield>
  <datafield tag="942" ind1=" " ind2=" ">
    <subfield code="c">BK</subfield>
  </datafield>
  <datafield tag="999" ind1=" " ind2=" ">
    <subfield code="c">558</subfield>
    <subfield code="d">558</subfield>
  </datafield>
  <datafield tag="952" ind1=" " ind2=" ">
    <subfield code="0">0</subfield>
    <subfield code="1">0</subfield>
    <subfield code="7">0</subfield>
    <subfield code="8">NFIC</subfield>
    <subfield code="a">IC</subfield>
    <subfield code="b">IC</subfield>
    <subfield code="c">GEN</subfield>
    <subfield code="d">2015-05-13</subfield>
    <subfield code="g">710.00</subfield>
    <subfield code="l">4</subfield>
    <subfield code="m">1</subfield>
    <subfield code="o">546 GUN</subfield>
    <subfield code="p">002932</subfield>
    <subfield code="r">2025-02-27 10:33:48</subfield>
    <subfield code="s">2025-02-16</subfield>
    <subfield code="w">2015-05-13</subfield>
    <subfield code="y">BK</subfield>
  </datafield>
  <datafield tag="952" ind1=" " ind2=" ">
    <subfield code="0">0</subfield>
    <subfield code="1">0</subfield>
    <subfield code="7">0</subfield>
    <subfield code="8">NFIC</subfield>
    <subfield code="a">IC</subfield>
    <subfield code="b">IC</subfield>
    <subfield code="c">GEN</subfield>
    <subfield code="d">2015-05-17</subfield>
    <subfield code="g">710.00</subfield>
    <subfield code="l">1</subfield>
    <subfield code="o">546 GUN</subfield>
    <subfield code="p">001725</subfield>
    <subfield code="r">2022-11-17 00:00:00</subfield>
    <subfield code="s">2016-05-27</subfield>
    <subfield code="w">2015-05-17</subfield>
    <subfield code="y">BK</subfield>
  </datafield>
  <datafield tag="952" ind1=" " ind2=" ">
    <subfield code="0">0</subfield>
    <subfield code="1">0</subfield>
    <subfield code="7">0</subfield>
    <subfield code="8">NFIC</subfield>
    <subfield code="a">IC</subfield>
    <subfield code="b">IC</subfield>
    <subfield code="c">GEN</subfield>
    <subfield code="d">2015-05-17</subfield>
    <subfield code="g">710.00</subfield>
    <subfield code="l">1</subfield>
    <subfield code="o">546 GUN</subfield>
    <subfield code="p">001359</subfield>
    <subfield code="r">2022-11-17 00:00:00</subfield>
    <subfield code="s">2018-03-11</subfield>
    <subfield code="w">2015-05-17</subfield>
    <subfield code="y">BK</subfield>
  </datafield>
  <datafield tag="952" ind1=" " ind2=" ">
    <subfield code="0">0</subfield>
    <subfield code="1">0</subfield>
    <subfield code="7">0</subfield>
    <subfield code="8">NFIC</subfield>
    <subfield code="a">IC</subfield>
    <subfield code="b">IC</subfield>
    <subfield code="c">GEN</subfield>
    <subfield code="d">2015-05-31</subfield>
    <subfield code="g">710.00</subfield>
    <subfield code="l">0</subfield>
    <subfield code="o">546 GUN</subfield>
    <subfield code="p">004288</subfield>
    <subfield code="r">2015-05-31 00:00:00</subfield>
    <subfield code="w">2015-05-31</subfield>
    <subfield code="y">REF</subfield>
  </datafield>
  <datafield tag="952" ind1=" " ind2=" ">
    <subfield code="0">0</subfield>
    <subfield code="1">0</subfield>
    <subfield code="7">0</subfield>
    <subfield code="8">NFIC</subfield>
    <subfield code="a">IC</subfield>
    <subfield code="b">IC</subfield>
    <subfield code="c">GEN</subfield>
    <subfield code="d">2015-05-31</subfield>
    <subfield code="g">710.00</subfield>
    <subfield code="l">0</subfield>
    <subfield code="o">546 GUN</subfield>
    <subfield code="p">001358</subfield>
    <subfield code="r">2015-05-31 00:00:00</subfield>
    <subfield code="w">2015-05-31</subfield>
    <subfield code="y">REF</subfield>
  </datafield>
  <datafield tag="952" ind1=" " ind2=" ">
    <subfield code="0">0</subfield>
    <subfield code="1">0</subfield>
    <subfield code="7">0</subfield>
    <subfield code="8">NFIC</subfield>
    <subfield code="a">IC</subfield>
    <subfield code="b">IC</subfield>
    <subfield code="c">GEN</subfield>
    <subfield code="d">2015-06-03</subfield>
    <subfield code="g">710.00</subfield>
    <subfield code="l">0</subfield>
    <subfield code="o">546 GUN</subfield>
    <subfield code="p">001360</subfield>
    <subfield code="r">2022-11-17 00:00:00</subfield>
    <subfield code="w">2015-06-03</subfield>
    <subfield code="y">BK</subfield>
  </datafield>
  <datafield tag="952" ind1=" " ind2=" ">
    <subfield code="0">0</subfield>
    <subfield code="1">0</subfield>
    <subfield code="7">0</subfield>
    <subfield code="8">NFIC</subfield>
    <subfield code="a">IC</subfield>
    <subfield code="b">IC</subfield>
    <subfield code="c">GEN</subfield>
    <subfield code="d">2015-06-03</subfield>
    <subfield code="g">710.00</subfield>
    <subfield code="l">1</subfield>
    <subfield code="m">1</subfield>
    <subfield code="o">546 GUN</subfield>
    <subfield code="p">001710</subfield>
    <subfield code="r">2023-04-04 00:00:00</subfield>
    <subfield code="s">2023-03-14</subfield>
    <subfield code="w">2015-06-03</subfield>
    <subfield code="y">BK</subfield>
  </datafield>
  <datafield tag="952" ind1=" " ind2=" ">
    <subfield code="0">0</subfield>
    <subfield code="1">0</subfield>
    <subfield code="7">0</subfield>
    <subfield code="8">NFIC</subfield>
    <subfield code="a">IC</subfield>
    <subfield code="b">IC</subfield>
    <subfield code="c">GEN</subfield>
    <subfield code="d">2015-06-03</subfield>
    <subfield code="g">710.00</subfield>
    <subfield code="l">0</subfield>
    <subfield code="o">546 GUN</subfield>
    <subfield code="p">004029</subfield>
    <subfield code="r">2022-11-17 00:00:00</subfield>
    <subfield code="w">2015-06-03</subfield>
    <subfield code="y">BK</subfield>
  </datafield>
  <datafield tag="952" ind1=" " ind2=" ">
    <subfield code="0">0</subfield>
    <subfield code="1">0</subfield>
    <subfield code="7">0</subfield>
    <subfield code="8">NFIC</subfield>
    <subfield code="a">IC</subfield>
    <subfield code="b">IC</subfield>
    <subfield code="c">GEN</subfield>
    <subfield code="d">2015-06-03</subfield>
    <subfield code="g">710.00</subfield>
    <subfield code="l">1</subfield>
    <subfield code="m">1</subfield>
    <subfield code="o">546 GUN</subfield>
    <subfield code="p">002934</subfield>
    <subfield code="r">2024-09-08 15:25:20</subfield>
    <subfield code="s">2024-08-31</subfield>
    <subfield code="w">2015-06-03</subfield>
    <subfield code="y">BK</subfield>
  </datafield>
  <datafield tag="952" ind1=" " ind2=" ">
    <subfield code="0">0</subfield>
    <subfield code="1">0</subfield>
    <subfield code="7">0</subfield>
    <subfield code="8">NFIC</subfield>
    <subfield code="a">IC</subfield>
    <subfield code="b">IC</subfield>
    <subfield code="c">GEN</subfield>
    <subfield code="d">2015-06-03</subfield>
    <subfield code="g">710.00</subfield>
    <subfield code="l">1</subfield>
    <subfield code="o">546 GUN</subfield>
    <subfield code="p">002550</subfield>
    <subfield code="r">2025-05-03 11:48:45</subfield>
    <subfield code="s">2025-05-02</subfield>
    <subfield code="w">2015-06-03</subfield>
    <subfield code="y">BK</subfield>
  </datafield>
  <datafield tag="952" ind1=" " ind2=" ">
    <subfield code="0">0</subfield>
    <subfield code="1">0</subfield>
    <subfield code="7">0</subfield>
    <subfield code="8">NFIC</subfield>
    <subfield code="a">IC</subfield>
    <subfield code="b">IC</subfield>
    <subfield code="c">GEN</subfield>
    <subfield code="d">2015-06-03</subfield>
    <subfield code="g">710.00</subfield>
    <subfield code="l">1</subfield>
    <subfield code="o">546 GUN</subfield>
    <subfield code="p">005394</subfield>
    <subfield code="r">2022-11-17 00:00:00</subfield>
    <subfield code="s">2017-04-20</subfield>
    <subfield code="w">2015-06-03</subfield>
    <subfield code="y">BK</subfield>
  </datafield>
  <datafield tag="952" ind1=" " ind2=" ">
    <subfield code="0">0</subfield>
    <subfield code="1">0</subfield>
    <subfield code="7">0</subfield>
    <subfield code="8">NFIC</subfield>
    <subfield code="a">IC</subfield>
    <subfield code="b">IC</subfield>
    <subfield code="c">GEN</subfield>
    <subfield code="d">2015-06-03</subfield>
    <subfield code="g">710.00</subfield>
    <subfield code="l">0</subfield>
    <subfield code="o">546 GUN</subfield>
    <subfield code="p">002935</subfield>
    <subfield code="r">2022-11-17 00:00:00</subfield>
    <subfield code="w">2015-06-03</subfield>
    <subfield code="y">BK</subfield>
  </datafield>
</record>
